LEADER 00950nam0-2200337---450 001 990009116040403321 005 20200310095143.0 010 $a978-0-89672-620-8 035 $a000911604 035 $aFED01000911604 035 $a(Aleph)000911604FED01 035 $a000911604 100 $a20091113d2009----km-y0itay50------ba 101 0 $aeng 102 $aUS 105 $aa-------001yy 200 1 $a<>manual of acarology$fG.W. Krantz and D.E. Walter, editors 205 $a3rd ed. 210 $aLubbock, Tex.$cTexas Tech University Press$d2009 215 $aVIII, 807 p.$cill.$d29 cm 610 0 $aAcarina 676 $a595.42$v23$zita 702 1$aKrantz,$bG. W.$g 702 1$aWalter,$bDavid Evans 801 0$aIT$bUNINA$gRICA$2UNIMARC 901 $aBK 912 $a990009116040403321 952 $a60 595.42 KRAG 2009$b12122$fFAGBC 959 $aFAGBC 996 $aManual of acarology$91734387 997 $aUNINA LEADER 02187nas 2200601- 450 001 996214869803316 005 20210921213022.0 011 $a0378-3006 035 $a(DE-599)ZDB2235431-1 035 $a(OCoLC)85855887 035 $a(CKB)110978977566051 035 $a(CONSER)--2015233595 035 $a(EXLCZ)99110978977566051 100 $a20070314a19769999 --- - 101 0 $aeng 135 $aurun||||||||| 181 $ctxt$2rdacontent 182 $cc$2rdamedia 183 $acr$2rdacarrier 200 00$aAfrica development 210 1$a[Dakar, Senegal] :$cCouncil for the Development of Social Science Research in Africa 300 $aRefereed/Peer-reviewed 300 $aOrder of titles varies. 300 $aPublisher also appears as Conseil pour le développement de la recherche en sciences sociales en Afrique. 300 $aSome issues from <2006>-2010 with no French-language articles may lack parallel title. 311 $a0850-3907 330 $a"A quarterly journal of the Council for the Development of of Social Science Research in Africa. Revue trimestrielle du conseil pour le développement de la recherche en sciences sociales en Afrique."--Title page, vol. 35 nos. 1/2. 517 1 $aAfrique et développement 531 $aAFR DEV 606 $aEconomic history$2fast$3(OCoLC)fst00901974 606 $aSocial conditions$2fast$3(OCoLC)fst01919811 606 $aSociale ontwikkeling$2gtt 606 $aECONOMIC DEVELOPMENT$2unbist 606 $aSOCIAL DEVELOPMENT$2unbist 606 $aAFRICA$2unbist 607 $aAfrica$xEconomic conditions$y1960-$vPeriodicals 607 $aAfrica$xSocial conditions$y1960-$vPeriodicals 607 $aAfrica$2fast 608 $aPeriodicals.$2fast 608 $aPeriodicals.$2lcgft 610 $aSocial sciences 615 7$aEconomic history. 615 7$aSocial conditions. 615 17$aSociale ontwikkeling. 615 17$aECONOMIC DEVELOPMENT. 615 17$aSOCIAL DEVELOPMENT. 615 17$aAFRICA. 676 $a330.9/6/6003 712 02$aCodesria, 906 $aJOURNAL 912 $a996214869803316 996 $aAfrica development$92257005 997 $aUNISA